Closest City by City - Statistics

General Stats
  • This quiz has been taken 176 times
  • The average score is 5 of 15
Answer Stats
Question Answer % Correct
Rome Barcelona
83%
Lima Quito
83%
Chicago Toronto
67%
Los Angeles Denver
50%
Lagos Kinshasa
50%
Shanghai Beijing
33%
Moscow St Petersburg
33%
Antwerp Amsterdam
17%
Cairo Athens
17%
Mumbai Columbo
17%
Nairobi Kampala
17%
Brisbane Port Moresby
17%
Port-Au-Prince Caracas
0%
Johannesburg Gaborone
0%
Kuala Lumpur Ho Chi Minh City
0%
No matching quizzes found
Score Distribution
Percent of People with Each Score
Percentile by Number Answered
Your Score History
You have not taken this quiz